A Priori

محفوظ في:
التفاصيل البيبلوغرافية
المؤلف الرئيسي: Mares, Edwin
التنسيق: كتاب
اللغة:Undetermined
منشور في: Durham, Inglaterra Acumen 2011
الموضوعات:
الوسوم: إضافة وسم
لا توجد وسوم, كن أول من يضع وسما على هذه التسجيلة!

MARC

LEADER 00000nam a2200000Ia 4500
008 170316s9999 xx 000 0 und d
090 |a 100 M-13.1a 
100 |a Mares, Edwin 
245 2 |a A Priori 
260 |a Durham, Inglaterra 
260 |b Acumen 
260 |c 2011 
300 |a 229 páginas 
650 |a FILOSOFÍA 
650 |a EN IDIOMA INGLÉS 
650 |a EMPIRISMO 
650 |a RACIONALISMO 
650 |a NATIVISMO 
650 |a KANT 
650 |a ARISTOTÉLES 
650 |a CONOCIMIENTO MORAL 
650 |a CONOCIMIENTO LÓGICO 
650 |a CONOCIMIENTO MATEMÁTICO 
999 |c 16907  |d 16907 
040 |a cru BVZT 
942 |c 15 D  |h 100 M-13.1a  |2 z